000 00742nam a2200229Ia 4500
999 _c59095
_d59095
003 GCL
005 20240530110149.0
008 140319s9999 xx 000 0 ara d
040 _aGCL /
_cGCL
082 0 4 _a025.175/
_bح ت
100 0 _aحامد الجوهرى
245 1 0 _aتقنيات التوثيق والمعلومات /
_cحامد الجوهرى
260 _a[S.N] :
_bالعربى للنشر والتوزيع
300 _a192 ص
490 _aدراسات فى الكتب والمعلومات
_v0
650 0 4 _aالاجراءات الفنية
650 0 4 _aمراكز المعلومات
650 0 4 _aمراكز التوثيق
650 0 4 _aشبكات المكتبات
650 0 4 _aالمكتبات
942 _2ddc
_cBK